[Event "Ouest Toulousain op-B 3rd"]
[Site "Tournefeuille"]
[Date "2008.02.29"]
[Round "7"]
[White "Heinzel, Herbert"]
[Black "Dahbi, Ahmed"]
[Result "1-0"]
[WhiteElo "1555"]
[BlackElo "1500"]
[PlyCount "101"]
[EventDate "2008.02.25"]
[EventType "swiss"]
[EventRounds "9"]
[EventCountry "FRA"]
[SourceTitle "CBM 123 Extra"]
[Source "ChessBase"]
[SourceDate "2008.05.06"]
[SourceVersion "1"]
[SourceVersionDate "2008.05.06"]
[SourceQuality "1"]

1. e4 c5 2. Nf3 Nc6 3. c3 Nf6 4. d3 d6 5. d4 cxd4 6. cxd4 e6 7. Nc3 Be7 8. Bb5 Bd7 9. 0-0 0-0 10. Re1 a6 11. Ba4 b5 12. Bb3 Rc8 13. d5 Na5 14. dxe6 fxe6 15. e5 dxe5 16. Nxe5 Nxb3 17. Qxb3 Kh8 18. Nxd7 Qxd7 19. Qxe6 Bc5 20. Qxd7 Nxd7 21. Be3 Bb4 22. Rec1 Ne5 23. a3 Bxc3 24. bxc3 Nc4 25. Bd4 Kg8 26. a4 bxa4 27. Rxa4 a5 28. Re1 Rf5 29. Re7 Rg5 30. g3 Nb2 31. Ra2 Nd1 32. Rc2 Nxc3 33. Rxc3 Rxc3 34. Bxc3 a4 35. Ra7 Rg4 36. f4 h5 37. Rxa4 h4 38. Be1 hxg3 39. hxg3 g5 40. Kf2 gxf4 41. gxf4 Kg7 42. Kf3 Rg1 43. Bc3+ Kg6 44. Ra5 Rf1+ 45. Ke4 Rf2 46. f5+ Kf7 47. f6 Re2+ 48. Kd5 Re3 49. Bd4 Rf3 50. Ra7+ Ke8 51. Ke6 1-0

[Event "Ouest Toulousain op-B 3rd"]
[Site "Tournefeuille"]
[Date "2008.02.26"]
[Round "3"]
[White "Oulmi, Taiche"]
[Black "Heinzel, Herbert"]
[Result "1-0"]
[WhiteElo "1499"]
[BlackElo "1555"]
[PlyCount "89"]
[EventDate "2008.02.25"]
[EventType "swiss"]
[EventRounds "9"]
[EventCountry "FRA"]
[SourceTitle "CBM 123 Extra"]
[Source "ChessBase"]
[SourceDate "2008.05.06"]
[SourceVersion "1"]
[SourceVersionDate "2008.05.06"]
[SourceQuality "1"]

1. e4 c5 2. Nf3 Nc6 3. c3 g6 4. d4 cxd4 5. Nxd4 Bg7 6. Be3 Nf6 7. Bd3 0-0 8. 0-0 d5 9. exd5 Nxd5 10. Nxc6 bxc6 11. Be4 Bb7 12. Nd2 Nxe3 13. fxe3 Qb6 14. Nc4 Qc5 15. Qe2 Ba6 16. Bd3 Rad8 17. b4 Qd5 18. Rad1 Qe6 19. Kh1 Bxc3 20. Na3 Bxd3 21. Rxd3 Rxd3 22. Qxd3 Bxb4 23. Nc2 Bc5 24. Nd4 Qd6 25. Qc3 e5 26. Nf3 Re8 27. Ng5 Rf8 28. Ne4 Bb4 29. Qb3 Qe7 30. Rf6 a5 31. Rxc6 Qd7 32. Nf6+ Kg7 33. Nxd7 Re8 34. Rf6 Re7 35. Qd5 e4 36. Rf4 f5 37. Ne5 Rc7 38. Nc6 Bc3 39. g4 Rb7 40. gxf5 Rb1+ 41. Kg2 Rb2+ 42. Kh3 Re2 43. Rxe4 g5 44. Qd7+ Kh6 45. Re6+ 1-0